<?xml version="1.0" encoding="UTF-8"?><?xml-stylesheet type="text/xsl" href="static/style.xsl"?><OAI-PMH xmlns="http://www.openarchives.org/OAI/2.0/" xmlns:xsi="http://www.w3.org/2001/XMLSchema-instance" xsi:schemaLocation="http://www.openarchives.org/OAI/2.0/ http://www.openarchives.org/OAI/2.0/OAI-PMH.xsd"><responseDate>2026-04-27T19:52:55Z</responseDate><request verb="GetRecord" identifier="oai:uvadoc.uva.es:10324/6660" metadataPrefix="marc">https://uvadoc.uva.es/oai/request</request><GetRecord><record><header><identifier>oai:uvadoc.uva.es:10324/6660</identifier><datestamp>2021-06-29T10:10:35Z</datestamp><setSpec>com_10324_38</setSpec><setSpec>col_10324_852</setSpec></header><metadata><record xmlns="http://www.loc.gov/MARC21/slim" xmlns:doc="http://www.lyncode.com/xoai" xmlns:xsi="http://www.w3.org/2001/XMLSchema-instance" xmlns:dcterms="http://purl.org/dc/terms/" xsi:schemaLocation="http://www.loc.gov/MARC21/slim http://www.loc.gov/standards/marcxml/schema/MARC21slim.xsd">
<leader>00925njm 22002777a 4500</leader>
<datafield tag="042" ind1=" " ind2=" ">
<subfield code="a">dc</subfield>
</datafield>
<datafield tag="720" ind1=" " ind2=" ">
<subfield code="a">Domingo de la Rubia, Estela de</subfield>
<subfield code="e">author</subfield>
</datafield>
<datafield tag="260" ind1=" " ind2=" ">
<subfield code="c">2014</subfield>
</datafield>
<datafield tag="520" ind1=" " ind2=" ">
<subfield code="a">El trabajo aborda el estudio del comportamiento mesógeno de mezclas binarias que contienen complejos del tipo [MCl(CNR)] [M=Metal de transición; R=arilo funcionalizado). Los sistemas estudiados son mezclas de pares de compuestos que difieren en un parámetro estructural para evitar la formación de otras especies por intercambio de ligandos. Los casos estudiados son:       a) Mezcla de dos complejos del tipo [MCl(CNR)] (mesógeno + no mesógeno) que difieren exclusivamente en el ligando CNR. Se obtiene una mesofase columnar hexagonal a temperatura ambiente.                        b) Sistema [MCl(CNR)] (mesógeno) + [MCl(CNR)] (no mesógeno) en el que los componentes difieren en el átomo metálico. Se ha obtenido su diagrama de fases que corresponde con el de un sistema eutéctico en le que aparece una mesofase columnar hexagonal, en la que los dos complejos metálicos son miscibles, es decir una aleación molecular cristal líquido.         c)También se ha obtenido comportamiento mesógeno partiendo de dos componentes no mesógenos, [MCl(CNR)] (no mesógeno) y 1-bromododecano.</subfield>
</datafield>
<datafield tag="024" ind2=" " ind1="8">
<subfield code="a">http://uvadoc.uva.es/handle/10324/6660</subfield>
</datafield>
<datafield ind1=" " ind2=" " tag="653">
<subfield code="a">Cristales liquidos</subfield>
</datafield>
<datafield ind1=" " ind2=" " tag="653">
<subfield code="a">Compuestos organometálicos</subfield>
</datafield>
<datafield tag="245" ind1="0" ind2="0">
<subfield code="a">Cristales líquidos basados en complejos metálicos</subfield>
</datafield>
</record></metadata></record></GetRecord></OAI-PMH>